Statistics for 500 Footballers From England

Click here to take the quiz!

General Stats

  • This quiz has been taken 372 times
  • The average score is 109 of 500

Answer Stats

ClubPositionPlayer% Correct
Tottenham HotspurCentre-ForwardHarry Kane
97%
BarnsleyCentral MidfieldHerbie Kane
94%
Queens Park RangersRight-BackTodd Kane
94%
Manchester UnitedLeft WingerMarcus Rashford
89%
Borussia DortmundRight WingerJadon Sancho
87%
Manchester CityLeft WingerRaheem Sterling
87%
LiverpoolRight-BackTrent Alexander-Arnold
87%
ChelseaRight-BackDujon Sterling
85%
Aston VillaLeft WingerJack Grealish
85%
Greenock MortonCentre-ForwardKazaiah Sterling
85%
Manchester CityRight-BackKyle Walker
85%
West Ham UnitedDefensive MidfieldDeclan Rice
84%
Manchester UnitedCentre-BackHarry Maguire
84%
Manchester CityCentral MidfieldPhil Foden
84%
LiverpoolCentral MidfieldJordan Henderson
82%
ChelseaRight-BackReece James
82%
Manchester UnitedGoalkeeperDean Henderson
81%
Borussia DortmundCentral MidfieldJude Bellingham
80%
Coventry CityCentral MidfieldMatty James
79%
Leicester CityAttacking MidfieldJames Maddison
78%
EvertonGoalkeeperJordan Pickford
78%
ChelseaAttacking MidfieldMason Mount
78%
ArsenalLeft MidfieldBukayo Saka
77%
Leicester CityCentre-ForwardJamie Vardy
77%
Manchester CityCentre-BackJohn Stones
77%
ChelseaLeft-BackBen Chilwell
76%
Manchester UnitedLeft-BackLuke Shaw
74%
Leeds UnitedDefensive MidfieldKalvin Phillips
72%
Atletico MadridRight-BackKieran Trippier
72%
EvertonCentre-ForwardDominic Calvert-Lewin
71%
LiverpoolCentre-BackNathaniel Phillips
71%
Tottenham HotspurCentre-BackEric Dier
70%
Sheffield WednesdayLeft WingerAndre Green
69%
LiverpoolCentral MidfieldCurtis Jones
68%
LiverpoolCentre-BackJoe Gomez
68%
Manchester UnitedCentre-BackPhil Jones
68%
ChelseaCentre-ForwardTammy Abraham
67%
Brighton & Hove AlbionCentre-BackBen White
66%
Wolverhampton WanderersCentral MidfieldMorgan Gibbs-White
66%
Tottenham HotspurAttacking MidfieldDele Alli
65%
Manchester UnitedRight-BackAaron Wan-Bissaka
64%
Newcastle UnitedCentre-ForwardCallum Wilson
61%
Manchester UnitedRight WingerMason Greenwood
61%
BournemouthRight-BackAdam Smith
60%
Swansea CityDefensive MidfieldKorey Smith
60%
MillwallCentre-ForwardMatt Smith
60%
Rotherham UnitedCentre-ForwardMichael Smith
60%
Stoke CityRight-BackTommy Smith
60%
Aston VillaCentre-BackTyrone Mings
60%
SouthamptonCentral MidfieldJames Ward-Prowse
59%
BurnleyGoalkeeperNick Pope
59%
Aston VillaCentre-ForwardOllie Watkins
59%
Wolverhampton WanderersCentre-BackConor Coady
57%
LiverpoolCentral MidfieldJames Milner
57%
EvertonCentre-BackMichael Keane
57%
Sheffield UnitedGoalkeeperAaron Ramsdale
56%
Huddersfield TownCentre-ForwardDanny Ward
56%
Crystal PalaceRight-BackJoel Ward
56%
BurnleyCentre-ForwardAshley Barnes
54%
ChelseaLeft WingerCallum Hudson-Odoi
54%
Leicester CityLeft MidfieldHarvey Barnes
54%
RomaCentre-BackChris Smalling
52%
SouthamptonCentre-ForwardDanny Ings
52%
AC MilanCentre-BackFikayo Tomori
52%
BurnleyCentre-BackJames Tarkowski
50%
BrentfordCentre-ForwardIvan Toney
49%
West Ham UnitedRight WingerJarrod Bowen
49%
Manchester UnitedLeft-BackBrandon Williams
48%
ArsenalAttacking MidfieldEmile Smith Rowe
48%
Tottenham HotspurDefensive MidfieldHarry Winks
48%
LiverpoolCentre-BackRhys Williams
48%
LiverpoolCentral MidfieldAlex Oxlade-Chamberlain
47%
Bristol CityCentral MidfieldJoe Williams
47%
Brighton & Hove AlbionCentre-BackLewis Dunk
47%
Leeds UnitedCentre-ForwardPatrick Bamford
46%
LiverpoolCentre-BackBen Davies
45%
West Ham UnitedRight-BackBen Johnson
45%
MiddlesbroughLeft MidfieldMarvin Johnson
45%
West Ham UnitedCentre-ForwardMichail Antonio
45%
EvertonCentral MidfieldTom Davies
45%
Blackburn RoversRight WingerHarvey Elliott
43%
Philadelphia UnionCentre-BackJack Elliott
43%
West Ham UnitedLeft WingerJesse Lingard
43%
BurnleyCentre-BackBen Mee
42%
West Bromwich AlbionCentral MidfieldConor Gallagher
41%
ArsenalCentre-ForwardEddie Nketiah
41%
SouthamptonRight-BackKyle Walker-Peters
41%
Blackburn RoversCentre-ForwardSam Gallagher
41%
Norwich CityRight-BackMax Aarons
40%
SouthamptonCentre-ForwardChe Adams
39%
SouthamptonGoalkeeperFraser Forster
39%
Tottenham HotspurGoalkeeperJoe Hart
39%
FulhamCentral MidfieldRuben Loftus-Cheek
38%
Sheffield WednesdayAttacking MidfieldIzzy Brown
37%
Stoke CityRight WingerJacob Brown
37%
Inter MilanLeft MidfieldAshley Young
36%
ArsenalCentre-BackRob Holding
36%
Brighton & Hove AlbionAttacking MidfieldAdam Lallana
35%
Brighton & Hove AlbionCentre-BackDan Burn
35%
Brighton & Hove AlbionCentre-ForwardDanny Welbeck
34%
Newcastle UnitedCentral MidfieldJonjo Shelvey
34%
Sheffield WednesdayRight MidfieldKadeem Harris
34%
Newcastle UnitedCentral MidfieldMatthew Longstaff
34%
Newcastle UnitedCentral MidfieldSean Longstaff
34%
WatfordCentre-ForwardAndre Gray
33%
Bayer LeverkusenLeft WingerDemarai Gray
33%
Aston VillaCentre-BackEzri Konsa
33%
Aston VillaCentral MidfieldRoss Barkley
33%
Tottenham HotspurLeft-BackDanny Rose
32%
BurnleyLeft WingerDwight McNeil
32%
Crystal PalaceAttacking MidfieldEberechi Eze
32%
Leeds UnitedLeft WingerJack Harrison
32%
Aston VillaRight-BackMatty Cash
32%
Norwich CityDefensive MidfieldOliver Skipp
32%
Brighton & Hove AlbionRight-BackTariq Lamptey
32%
SouthamptonRight WingerTheo Walcott
32%
Blackburn RoversCentre-ForwardAdam Armstrong
31%
ArsenalCentre-BackCalum Chambers
31%
Aston VillaAttacking MidfieldJacob Ramsey
31%
Bristol CityAttacking MidfieldKasey Palmer
31%
Ipswich TownCentre-BackLuke Chambers
31%
West Bromwich AlbionGoalkeeperSam Johnstone
31%
West Ham UnitedLeft-BackAaron Cresswell
30%
Preston North EndLeft WingerAnthony Gordon
30%
EvertonCentre-BackBen Godfrey
30%
BurnleyLeft-BackCharlie Taylor
30%
Cardiff CityCentre-BackCurtis Nelson
30%
Aston VillaCentre-ForwardKeinan Davis
30%
Leicester CityLeft-BackLuke Thomas
30%
Ipswich TownRight WingerLuke Thomas
30%
Leicester CityRight MidfieldMarc Albrighton
30%
Birmingham CityCentre-BackMarc Roberts
30%
Oxford UnitedCentre-ForwardMatty Taylor
30%
Derby CountyRight WingerPatrick Roberts
30%
ArsenalRight WingerReiss Nelson
30%
Norwich CityLeft MidfieldTodd Cantwell
30%
Queens Park RangersLeft WingerChris Willock
29%
Newcastle UnitedCentral MidfieldJoe Willock
29%
West Bromwich AlbionLeft MidfieldKyle Edwards
29%
Vitoria GuimaraesRight WingerMarcus Edwards
29%
New York Red BullsRight-BackTom Edwards
29%
Brighton & Hove AlbionCentre-BackAdam Webster
28%
UnattachedCentre-ForwardDaniel Sturridge
28%
KasimpasaCentral MidfieldDanny Drinkwater
28%
BournemouthCentre-ForwardDominic Solanke
28%
RangersRight-BackJames Tavernier
28%
West Bromwich AlbionLeft-BackKieran Gibbs
28%
MiddlesbroughLeft MidfieldMarcus Tavernier
28%
HoffenheimLeft-BackRyan Sessegnon
28%
Bristol CityRight-BackSteven Sessegnon
28%
Crystal PalaceGoalkeeperJack Butland
27%
Leicester CityRight-BackJames Justin
27%
BournemouthCentral MidfieldLewis Cook
27%
SouthamptonLeft WingerNathan Redmond
27%
BournemouthCentre-BackSteve Cook
27%
Aston VillaGoalkeeperTom Heaton
27%
EvertonCentre-BackMason Holgate
26%
Sheffield UnitedCentre-ForwardRhian Brewster
26%
Crystal PalaceCentre-BackGary Cahill
25%
Newcastle UnitedCentre-BackJamaal Lascelles
25%
Luton TownDefensive MidfieldKiernan Dewsbury-Hall
25%
ReadingLeft-BackOmar Richards
25%
Sheffield UnitedLeft-BackJack Robinson
24%
West Ham UnitedCentral MidfieldMark Noble
24%
WatfordDefensive MidfieldNathaniel Chalobah
24%
LorientDefensive MidfieldTrevoh Chalobah
24%
Crystal PalaceLeft-BackTyrick Mitchell
24%
WatfordCentral MidfieldWill Hughes
24%
Crystal PalaceRight WingerAndros Townsend
23%
Oldham AthleticLeft-BackCameron Borthwick-Jackson
23%
West Bromwich AlbionLeft-BackConor Townsend
23%
Ipswich TownCentre-ForwardKayden Jackson
23%
Aston VillaLeft-BackMatt Targett
23%
PSVRight WingerNoni Madueke
23%
BrentfordLeft-BackRico Henry
23%
RangersLeft WingerRyan Kent
23%
SouthamptonGoalkeeperAlex McCarthy
22%
BurnleyDefensive MidfieldJack Cork
22%
Newcastle UnitedRight WingerJacob Murphy
22%
Cardiff CityLeft WingerJosh Murphy
22%
Swansea CityCentre-BackMarc Guehi
22%
Crystal PalaceRight-BackNathaniel Clyne
22%
Brighton & Hove AlbionLeft MidfieldSolly March
22%
Newcastle UnitedCentre-ForwardAndy Carroll
21%
West Ham UnitedCentre-BackCraig Dawson
21%
MillwallDefensive MidfieldGeorge Evans
21%
FulhamCentral MidfieldHarrison Reed
21%
BournemouthCentral MidfieldJack Wilshere
21%
BurnleyCentre-ForwardJay Rodriguez
21%
Leeds UnitedRight-BackLuke Ayling
21%
Crewe AlexandraCentral MidfieldLuke Murphy
21%
Queens Park RangersCentral MidfieldTom Carroll
21%
MillwallCentral MidfieldBen Thompson
20%
BarnsleyCentre-ForwardCarlton Morris
20%
BurnleyCentral MidfieldDale Stephens
20%
Oxford UnitedCentre-BackElliott Moore
20%
SouthamptonCentre-BackJack Stephens
20%
ReadingCentre-BackLiam Moore
20%
Derby CountyCentre-BackMatt Clarke
20%
SouthamptonLeft-BackRyan Bertrand
20%
Bristol CityCentre-BackTaylor Moore
20%
Bristol CityLeft MidfieldTommy Rowe
20%
WatfordCentre-ForwardTroy Deeney
20%
West Bromwich AlbionRight MidfieldAinsley Maitland-Niles
19%
BoavistaAttacking MidfieldAngel Gomes
19%
Manchester UnitedCentre-BackAxel Tuanzebe
19%
MiddlesbroughCentre-BackGrant Hall
19%
Stoke CityRight WingerJack Clarke
19%
MillwallCentre-BackJake Cooper
19%
West Bromwich AlbionCentre-ForwardKarlan Grant
19%
Wolverhampton WanderersCentre-BackMax Kilman
19%
Sheffield UnitedCentre-ForwardBilly Sharp
18%
EvertonCentral MidfieldFabian Delph
18%
RangersCentre-BackJack Simpson
18%
Manchester CityGoalkeeperScott Carson
18%
KayserisporRight WingerAaron Lennon
17%
Oxford UnitedCentre-ForwardElliot Lee
17%
Tottenham HotspurCentre-BackJaphet Tanganga
17%
Norwich CityLeft WingerJosh Martin
17%
BournemouthCentre-BackLloyd Kelly
17%
Crystal PalaceRight-BackMartin Kelly
17%
FulhamLeft WingerAdemola Lookman
16%
Norwich CityCentre-BackBen Gibson
16%
Blackburn RoversAttacking MidfieldBradley Dack
16%
Queens Park RangersCentre-ForwardCharlie Austin
16%
Birmingham CityCentre-BackHarlee Dean
16%
RangersCentre-ForwardJermain Defoe
16%
ReadingCentre-BackMichael Morrison
16%
Crystal PalaceCentre-BackNathan Ferguson
16%
Cardiff CityCentre-BackSean Morrison
16%
ArsenalCentre-ForwardFolarin Balogun
15%
Crystal PalaceCentre-BackJames Tomkins
15%
MillwallRight WingerJed Wallace
15%
Newcastle UnitedCentre-ForwardDwight Gayle
14%
Huddersfield TownCentre-ForwardFraizer Campbell
14%
Newcastle UnitedDefensive MidfieldIsaac Hayden
14%
Nottingham ForestDefensive MidfieldJack Colback
14%
Nottingham ForestDefensive MidfieldJames Garner
14%
BurnleyCentral MidfieldJosh Brownhill
14%
Newcastle UnitedGoalkeeperKarl Darlow
14%
BurnleyRight-BackMatthew Lowton
14%
AugsburgCentre-BackReece Oxford
14%
WatfordCentral MidfieldTom Cleverley
14%
Stoke CityCentre-ForwardTyrese Campbell
14%
BurnleyDefensive MidfieldAshley Westwood
13%
PortsmouthLeft-BackCharlie Daniels
13%
MiddlesbroughRight-BackDjed Spence
13%
Sheffield UnitedRight-BackGeorge Baldock
13%
Leicester CityDefensive MidfieldHamza Choudhury
13%
FulhamLeft-BackJoe Bryan
13%
APOEL NicosiaCentre-ForwardJoe Garner
13%
Aston VillaCentre-BackKortney Hause
13%
Nottingham ForestCentral MidfieldRyan Yates
13%
ReadingCentre-ForwardSam Baldock
13%
Nottingham ForestRight-BackCarl Jenkinson
12%
Preston North EndGoalkeeperDeclan Rudd
12%
TrabzonsporCentral MidfieldLewis Baker
12%
Sheffield UnitedLeft-BackMax Lowe
12%
Bristol CityCentre-BackNathan Baker
12%
Stoke CityAttacking MidfieldNick Powell
12%
MiddlesbroughCentre-ForwardAshley Fletcher
11%
Blackburn RoversCentre-ForwardBen Brereton
11%
Sheffield UnitedCentre-BackChris Basham
11%
RangersCentre-BackConnor Goldson
11%
MiddlesbroughCentre-BackDael Fry
11%
West Bromwich AlbionDefensive MidfieldJake Livermore
11%
Swansea CityRight WingerJamal Lowe
11%
Salford CityDefensive MidfieldJason Lowe
11%
Brighton & Hove AlbionGoalkeeperJason Steele
11%
Bristol CityLeft-BackJay Dasilva
11%
Sheffield UnitedRight-BackJayden Bogle
11%
Nottingham ForestCentre-BackJoe Worrall
11%
ReadingCentral MidfieldJohn Swift
11%
BrentfordCentral MidfieldJosh Dasilva
11%
Manchester CityCentre-ForwardLiam Delap
11%
Inter MiamiCentre-BackRyan Shawcross
11%
MillwallDefensive MidfieldRyan Woods
11%
Crystal PalaceCentre-BackScott Dann
11%
MontpellierCentre-ForwardStephy Mavididi
11%
Bristol CityGoalkeeperDaniel Bentley
10%
West Bromwich AlbionLeft WingerGrady Diangana
10%
Sheffield UnitedCentre-BackJack O'Connell
10%
Cardiff CityLeft-BackJoe Bennett
10%
Wolverhampton WanderersGoalkeeperJohn Ruddy
10%
BlackpoolDefensive MidfieldKevin Stewart
10%
MillwallLeft WingerMason Bennett
10%
SouthamptonRight WingerNathan Tella
10%
Swansea CityCentre-BackRyan Bennett
10%
West Ham UnitedRight-BackRyan Fredericks
10%
FulhamCentre-BackTosin Adarabioyo
10%
Leeds UnitedCentral MidfieldAdam Forshaw
9%
Blackburn RoversGoalkeeperAynsley Pears
9%
BournemouthCentral MidfieldBen Pearson
9%
Bristol CityRight-BackJack Hunt
9%
Sheffield UnitedCentral MidfieldJohn Lundstram
9%
Huddersfield TownCentral MidfieldLewis O'Brien
9%
Swansea CityCentral MidfieldMatt Grimes
9%
Luton TownCentre-BackMatty Pearson
9%
Hull CityCentre-BackReece Burke
9%
Sheffield WednesdayDefensive MidfieldSam Hutchinson
9%
BournemouthCentre-ForwardSam Surridge
9%
Preston North EndLeft WingerScott Sinclair
9%
MillwallCentre-BackShaun Hutchinson
9%
Luton TownRight WingerTom Ince
9%
Tottenham HotspurGoalkeeperAlfie Whiteman
8%
Stoke CityGoalkeeperAngus Gunn
8%
Sheffield UnitedLeft MidfieldBen Osborn
8%
Preston North EndCentral MidfieldBen Whiteman
8%
West Bromwich AlbionRight-BackDarnell Furlong
8%
Swansea CityGoalkeeperFreddie Woodman
8%
Colorado RapidsCentral MidfieldJack Price
8%
Aston VillaGoalkeeperJed Steer
8%
Nottingham ForestRight WingerJoe Lolley
8%
DijonCentre-BackJonathan Panzo
8%
CelticRight-BackJonjoe Kenny
8%
Lincoln CityLeft WingerMorgan Rogers
8%
AlanyasporCentre-BackSteven Caulker
8%
BarnsleyCentral MidfieldAlex Mowatt
7%
BarnsleyCentre-ForwardCauley Woodrow
7%
MiddlesbroughCentre-ForwardChuba Akpom
7%
WatfordCentral MidfieldDan Gosling
7%
MiddlesbroughRight-BackDarnell Fisher
7%
BrentfordCentre-BackEthan Pinnock
7%
Birmingham CityCentral MidfieldGary Gardner
7%
Sheffield UnitedDefensive MidfieldJack Rodwell
7%
Leeds UnitedCentral MidfieldJamie Shackleton
7%
Blackburn RoversCentre-BackJarrad Branthwaite
7%
Huddersfield TownCentral MidfieldJonathan Hogg
7%
Derby CountyRight WingerJordon Ibe
7%
Blackburn RoversDefensive MidfieldLewis Travis
7%
Luton TownCentral MidfieldLuke Berry
7%
Derby CountyDefensive MidfieldMax Bird
7%
Gosport BoroughCentral MidfieldNicky Bailey
7%
Birmingham CityCentral MidfieldRekeem Harper
7%
Hellas VeronaCentral MidfieldRonaldo Vieira
7%
Rotherham UnitedLeft MidfieldRyan Giles
7%
Norwich CityRight-BackSam Byram
7%
Stoke CityCentral MidfieldSam Clucas
7%
Queens Park RangersCentral MidfieldSam Field
7%
Luton TownCentre-BackSonny Bradley
7%
Manchester CityCentral MidfieldTommy Doyle
7%
Cardiff CityCentre-BackAden Flint
6%
Huddersfield TownAttacking MidfieldAlex Pritchard
6%
Cardiff CityGoalkeeperAlex Smithies
6%
Ipswich TownCentral MidfieldFlynn Downes
6%
Huddersfield TownLeft-BackHarry Toffolo
6%
BournemouthRight-BackJack Stacey
6%
Cardiff CityCentral MidfieldJoe Ralls
6%
Doncaster RoversRight WingerJosh Sims
6%
Nottingham ForestAttacking MidfieldLuke Freeman
6%
MiddlesbroughGoalkeeperMarcus Bettinelli
6%
Derby CountyCentre-ForwardMartyn Waghorn
6%
Luton TownDefensive MidfieldPelly-Ruddock Mpanzu
6%
Blackburn RoversCentre-BackTaylor Harwood-Bellis
6%
Derby CountyCentre-BackTeden Mengi
6%
ReadingCentre-BackThomas Holmes
6%
Nottingham ForestLeft-BackTyler Blackett
6%
Sheffield WednesdayLeft MidfieldAdam Reach
5%
FulhamCentre-BackAlfie Mawson
5%
StonecloughRight MidfieldBen Marshall
5%
Preston North EndRight MidfieldBrad Potts
5%
Coventry CityAttacking MidfieldCallum O'Hare
5%
Brighton & Hove AlbionGoalkeeperChristian Walton
5%
Crystal PalaceCentre-ForwardConnor Wickham
5%
BarnsleyCentre-ForwardConor Chaplin
5%
Luton TownLeft-BackDan Potts
5%
West Bromwich AlbionGoalkeeperDavid Button
5%
MiddlesbroughRight WingerDuncan Watmore
5%
Fortuna SittardLeft-BackGeorge Cox
5%
Hull CityAttacking MidfieldGeorge Honeyman
5%
Sheffield WednesdayCentre-ForwardJack Marriott
5%
Bristol CityAttacking MidfieldJamie Paterson
5%
WatfordRight-BackJeremy Ngakia
5%
Leeds UnitedCentre-ForwardJoe Gelhardt
5%
Blackburn RoversCentral MidfieldJoe Rothwell
5%
MiddlesbroughCentral MidfieldJonathan Howson
5%
Norwich CityCentre-ForwardJordan Hugill
5%
Sheffield WednesdayAttacking MidfieldJosh Windass
5%
BournemouthLeft WingerJunior Stanislas
5%
Norwich CityAttacking MidfieldKieran Dowell
5%
West Bromwich AlbionCentre-BackKyle Bartley
5%
Derby CountyLeft-BackLee Buchanan
5%
Derby CountyAttacking MidfieldLouie Sibley
5%
Birmingham CityCentre-ForwardLukas Jutkiewicz
5%
MiddlesbroughAttacking MidfieldMarcus Browne
5%
PortsmouthLeft WingerMichael Jacobs
5%
Swansea CityRight WingerMorgan Whittaker
5%
LyonCentre-ForwardReo Griffiths
5%
Queens Park RangersCentre-BackRob Dickie
5%
Nottingham ForestLeft WingerSammy Ameobi
5%
Cardiff CityRight WingerSheyi Ojo
5%
Ipswich TownCentral MidfieldTeddy Bishop
5%
Preston North EndRight WingerTom Barkhuizen
5%
Derby CountyCentre-ForwardBobby Duncan
4%
Fleetwood TownDefensive MidfieldCallum Connolly
4%
Stoke CityCentre-BackDanny Batth
4%
Sheffield WednesdayCentre-BackDominic Iorfa
4%
Kerala BlastersCentre-ForwardGary Hooper
4%
Luton TownRight WingerHarry Cornick
4%
Swansea CityLeft-BackJake Bidwell
4%
Luton TownRight-BackJames Bree
4%
CharleroiRight-BackJon Flanagan
4%
EvertonRight WingerJosh Bowler
4%
ReadingCentral MidfieldJosh Laurent
4%
FulhamAttacking MidfieldJosh Onomah
4%
Swansea CityRight-BackKyle Naughton
4%
Rotherham UnitedCentral MidfieldLewis Wing
4%
Hull CityLeft WingerMallik Wilks
4%
MiddlesbroughLeft-BackMarc Bola
4%
Cardiff CityCentral MidfieldMarlon Pack
4%
MiddlesbroughRight WingerNathaniel Mendez-Laing
4%
ToulouseCentre-ForwardRhys Healey
4%
MillwallCentral MidfieldRyan Leonard
4%
MillwallLeft-BackScott Malone
4%
Sheffield WednesdayCentre-BackTom Lees
4%
Birmingham CityCentral MidfieldAdam Clayton
3%
Mumbai CityCentre-ForwardAdam Le Fondre
3%
Ipswich TownCentral MidfieldAndre Dozzell
3%
BarnsleyCentral MidfieldCallum Styles
3%
Union Saint-GilloiseCentre-BackChristian Burgess
3%
Rotherham UnitedCentral MidfieldDan Barlaser
3%
MK DonsRight-BackEthan Laird
3%
BlackpoolCentre-ForwardGary Madine
3%
Bristol CityCentral MidfieldHenri Lansbury
3%
Cercle BruggeCentre-ForwardIke Ugbo
3%
Tranmere RoversDefensive MidfieldJay Spearing
3%
Birmingham CityRight WingerJonathan Leko
3%
Cardiff CityRight-BackJordi Osei-Tutu
3%
Stoke CityLeft-BackJosh Tymon
3%
Queens Park RangersDefensive MidfieldLuke Amos
3%
Dundee UnitedRight MidfieldLuke Bolton
3%
Rotherham UnitedDefensive MidfieldMatt Crooks
3%
Derby CountyRight-BackNathan Byrne
3%
SouthamptonLeft-BackSam McQueen
3%
Blackburn RoversRight WingerTyrhys Dolan
3%
Stoke CityLeft MidfieldAlfie Doughty
2%
Derby CountyRight-BackAndre Wisdom
2%
MK DonsCentral MidfieldAndrew Surman
2%
ReadingCentral MidfieldAndy Rinomhota
2%
Bristol CityCentre-ForwardAntoine Semenyo
2%
LugoRight WingerArvin Appiah
2%
Rotherham UnitedCentral MidfieldBen Wiles
2%
WatfordCentre-BackBen Wilmot
2%
BarnsleyRight-BackCallum Brittain
2%
Melbourne VictoryRight WingerCallum McManaman
2%
StuttgartDefensive MidfieldClinton Mola
2%
MillwallRight WingerConnor Mahoney
2%
SouthamptonCentre-ForwardDan N'Lundulu
2%
ChelseaAttacking MidfieldFaustino Anjorin
2%
Rotherham UnitedCentre-ForwardGeorge Hirst
2%
MiddlesbroughLeft-BackHayden Coulson
2%
Leeds UnitedRight WingerIan Poveda
2%
Birmingham CityCentre-BackJake Clarke-Salter
2%
BlackpoolLeft-BackJames Husband
2%
Blackburn RoversRight-BackJoe Rankin-Costello
2%
Burton AlbionRight-BackJohn Brayford
2%
Stoke CityCentral MidfieldJordan Cousins
2%
Preston North EndCentre-BackJordan Storey
2%
Stoke CityGoalkeeperJosef Bursik
2%
Ipswich TownAttacking MidfieldJosh Harrop
2%
Huddersfield TownCentre-ForwardJosh Koroma
2%
West Bromwich AlbionRight-BackLee Peltier
2%
Cardiff CitySecond StrikerLee Tomlin
2%
Tranmere RoversRight WingerLiam Feeney
2%
Montreal ImpactCentre-BackLuis Binks
2%
Ipswich TownRight-BackLuke Matheson
2%
Coventry CityCentre-ForwardMatt Godden
2%
Shrewsbury TownCentre-BackMatthew Pennington
2%
ReadingCentral MidfieldOvie Ejaria
2%
Preston North EndCentral MidfieldRyan Ledson
2%
Birmingham CityCentre-ForwardSam Cosgrove
2%
Coventry CityLeft-BackSam McCallum
2%
Guangzhou EvergrandeCentre-BackTyias Browning
2%
Swansea CityAttacking MidfieldYan Dhanda
2%
Bristol CityCentre-BackZak Vyner
2%
Charlton AthleticLeft-BackBen Purrington
1%
PaderbornLeft-BackChima Okoroji
1%
Hull CityAttacking MidfieldDan Crowley
1%
Fleetwood TownCentral MidfieldDaniel Batty
1%
Salford CityCentre-BackDi'Shon Bernard
1%
SunderlandCentral MidfieldGrant Leadbitter
1%
Melbourne VictoryCentral MidfieldJacob Butterfield
1%
Charlton AthleticCentre-ForwardJayden Stockley
1%
HibernianLeft MidfieldJoe Newell
1%
Western Sydney WanderersCentral MidfieldJordon Mutch
1%
MK DonsCentral MidfieldJosh McEachran
1%
SunderlandCentral MidfieldJosh Scowen
1%
Ipswich TownLeft MidfieldKeanan Bennetts
1%
TroyesLeft WingerLevi Lumeka
1%
UnattachedLeft WingerMarc Pugh
1%
Sheffield WednesdayRight-BackMoses Odubajo
1%
Stoke CityCentral MidfieldTashan Oakley-Boothe
1%
Bristol CityDefensive MidfieldTyreeq Bakinson
1%
Vitoria GuimaraesCentre-BackEasah Suliman
0%
Mansfield TownDefensive MidfieldJames Perch
0%
Shrewsbury TownCentral MidfieldJosh Vela
0%
BlackpoolLeft-BackLuke Garbutt
0%
Preston North EndCentral MidfieldTom Bayliss
0%
KarlsruherRight WingerXavier Amaechi
0%
Swindon TownLeft-BackZeki Fryers
0%

Score Distribution

Percentile by Number Answered

Percent of People with Each Score

Your Score History

You have not taken this quiz